000
00307 a2200157 4500
001
59217
020
_a
8502040278
040
_c
Anchieta - Pituba
100
_a
Salvador, Edgard
240
1
0
_a
Química
_l
por
245
1
0
_a
Química
300
_a
672
362
0
_a
2003
650
4
_a
Química
942
_c
BK
999
_c
59217
_d
59217